skbl

Dr Suryya Kumar Bhuyan Library Web-OPAC
ডঃ সূৰ্য্য
কুমাৰ ভূঞা পুথিভঁৰাল ৱেব-অ'পেক

All Research Scholars are advised to clear the annual library fees to continue using Library Resources, Remote Access, Plagiarism Test and Library Clearance.

Cotton University Book Fair 2026

Environment (Record no. 63887)

MARC details
000 -LEADER
fixed length control field 00480nam a2200169Ia 4500
001 - CONTROL NUMBER
control field 62780
008 - FIXED-LENGTH DATA ELEMENTS--GENERAL INFORMATION
fixed length control field 180518n ii |||gr||||Z||||||465
020 ## - INTERNATIONAL STANDARD BOOK NUMBER
International Standard Book Number 0-03-014329-2
082 ## - DEWEY DECIMAL CLASSIFICATION NUMBER
Classification number 363.7
100 ## - MAIN ENTRY--PERSONAL NAME
Personal name Raven, Peter H,
Relator term Author.
245 #0 - TITLE STATEMENT
Title Environment
Statement of responsibility, etc. Peter H.Raven,Linda R.Berg, George B.Johnson
Medium Textual Documents
260 ## - PUBLICATION, DISTRIBUTION, ETC.
Place of publication, distribution, etc. NewYork:
Name of publisher, distributor, etc. Saunders College Publishing.
300 ## - PHYSICAL DESCRIPTION
Extent 569p:
Dimensions 24cm.
653 ## - INDEX TERM--UNCONTROLLED
Uncontrolled term Environment
653 ## - INDEX TERM--UNCONTROLLED
Uncontrolled term Eco - General Sec
942 ## - ADDED ENTRY ELEMENTS (KOHA)
Source of classification or shelving scheme Dewey Decimal Classification
Koha item type Books
Holdings
Withdrawn status Lost status Damaged status Not for loan Collection Home library Current library Shelving location Date acquired Coded location qualifier Total checkouts Full call number Barcode Date last seen Copy number Price effective from Koha item type
          Dr. Suryya Kumar Bhuyan Library Dr. Suryya Kumar Bhuyan Library   11/05/2018 00000   363,7 Ra196En 351/Geog 14/01/2024 1 11/05/2018 Books

Designed and Maintained by Team SKBL
©1901-2026

Powered by Koha